000 00890nam a22002897a 4500
003 CHAP
005 20220329132939.0
008 971013s1989 r 00010 d
010 _a558
011 _a1530
035 _a706
040 _cCHAP
090 _aTesis
100 0 0 _aCarrasco Rivera, Heriberto.
_919358
245 _aDiagnóstico-propuesta para el desarrollo rural del estado de Morelos
260 _aChapingo, Méx. :
_bEl autor,
_c1989
300 _a65 h.
500 _a37-29
502 _aTesis (Ing. Agr. Esp. en Fitotecnia) -- UACH. Departamento de Fitotecnia
590 _aALEPH
_b10
_c20130110
_lUCH01
_h1205
590 _aBATCH-UPD
_b10
_c20130110
_lUCH01
_h1725
590 _aCONVERSION
_b10
_c20130109
_lUCH01
_h1302
650 1 4 _aDesarrollo de la comunidad rural
_xMorelos.
_932016
901 _aBK
942 _cTESIS
949 _bBC
_cTES
_d-10162
_eTS1
_h22783
_i706
_si
999 _c558
_d558